000 00476nam a2200169Ia 4500
001 23239
003 IN-NITTTR
005 20251114233301.0
008 251113s9999||||xx |||||||||||||| ||eng||
040 _beng
040 _cIN-NITTTR
041 _aeng
082 _aR658.575 R72E
100 _aRosenthal, Stephen R.
245 0 _aEffective product design anddevelopment :
_bhow to cut lead time and increase customer satisfaction /
_cRosenthal, Stephen R.
942 _2ddc
_cBK
999 _c25868
_d25868